01471nab a22002777a 4500999001500000003000400015005001700019008004100036040000700077100002900084245006400113260007300177300001500250500007500265505042100340505008900761650003500850650003200885650002500917650001800942650002500960650002000985650003301005773014201038942001301180 c6357d6357OSt20260131195153.0190603e xxum|||| |||| 00| 0 spa d cPJ 96043aSchiavo, Carlos A.10aExclusiones de cobertura y causalidad /cCarlos A. Schiavo. cCiudad Autónoma de Buenos Aires :aThomson Reuters La Ley, b2025. ap. 104-118 aCita: TR LALEY AR/DOC/2868/2025 Publicado en: RCCyC 2025 (Diciembre). aSumario: I. Introducción.— II. El seguro como contrato aleatorio.— III. La probabilidad constitutiva del alea y el riesgo como objeto asegurado en el contrato.— IV. De las llamadas exclusiones.— V. De las cargas y caducidades.— VI. Análisis general de los hechos, actos y daños no asegurados.— VII. ¿Debe haber relación causal entre lo no asegurado y el hecho siniestral?— VIII. Conclusiones.  t¿Te interesa el texto completo? Solicitalo al correo: koha@justierradelfuego.gov.ar 091497aCODIGO CIVIL Y COMERCIAL 091467aRESPONSABILIDAD CIVIL 091923aLEY DE SEGUROS 091921aSEGUROS 0aCOBERTURA DEL SEGURO 0aSINIESTRO93573 0aDEFENSA DEL CONSUMIDOR925970 0271393170dCiudad Autónoma de Buenos Aires : Thomson Reuters La Ley, 2015-tRevista Código Civil y Comercial. Nº 6 - Diciembre 2025 2udccANA